000 00541nam a2200193 a 4500
001 1772625972108
003 YourLibrary
005 20260304173725.0
008 260304s2000##################000#0#eng##
020 _a9780333928868
082 0 4 _a327.460409045
_bMAC
100 1 _aMacLennan, J.,
_eauthor.
245 1 0 _aSpain and the Process of European Integration, 1957-85 :
260 _bPalgrave Macmillan,
_c2000.
300 _a223 pages
650 0 _aPolitical Science.
942 _cENGLISH
040 _aYourLibrary
_beng
_cYourLibrary
999 _c616929
_d616929